A személyiség fejlődésének zavarai, a korrekciós nevelés lehetősége az általános iskolában

Elmentve itt :
Bibliográfiai részletek
Szerző: Prémeczné Szantner Emma
További közreműködők: Nincs megadva (Témavezető)
Dokumentumtípus: Disszertáció
Megjelent: 1983
Tárgyszavak:
Online Access:http://doktori.ek.szte.hu/3718
LEADER 00690nta a2200181 i 4500
001 dokt3718
005 20240903112433.0
008 170209s1983 hu om 000 hun d
040 |a SZTE Doktori Repozitórium  |b hun 
041 |a hun 
100 2 |a Prémeczné Szantner Emma 
245 1 2 |a A személyiség fejlődésének zavarai, a korrekciós nevelés lehetősége az általános iskolában  |h [elektronikus dokumentum] /  |c  Prémeczné Szantner Emma 
260 |c 1983 
502 |a Disszertacio 
650 4 |a neveléstudományok 
650 4 |a Oktatástudomány 
700 0 1 |a Nincs megadva  |e ths 
856 4 0 |u https://doktori.bibl.u-szeged.hu/id/eprint/3718/1/1983_premeczne_szanter_emma.pdf  |z Dokumentum-elérés